Sử dụng powerpoint 2002

Guardat en:
Dades bibliogràfiques
Autor principal: Đặng Minh Hoàng
Format: Llibre
Idioma:Undetermined
Publicat: H. Thống Kê 2002
Matèries:
Etiquetes: Afegir etiqueta
Sense etiquetes, Sigues el primer a etiquetar aquest registre!
Thư viện lưu trữ: Trung tâm Học liệu Trường Đại học Cần Thơ
LEADER 00493nam a2200181Ia 4500
001 CTU_52231
008 210402s9999 xx 000 0 und d
020 |b 23000 
082 |a 005.3 
082 |b H407 
100 |a Đặng Minh Hoàng 
245 0 |a Sử dụng powerpoint 2002 
245 0 |c Đặng Minh Hoàng 
260 |a H. 
260 |b Thống Kê 
260 |c 2002 
650 |a powerpoint ( computer programs ) 
980 |a Trung tâm Học liệu Trường Đại học Cần Thơ